| 000 | 00551nam a2200169 i 4500 | ||
|---|---|---|---|
| 001 | 91321 | ||
| 003 | ES-MaACL | ||
| 005 | 20230906180708.0 | ||
| 007 | t| | ||
| 008 | 050128s1956 sp ||||1| spa d | ||
| 100 | 1 |
_aLe Quesne, L. P. _970917 |
|
| 245 | 1 | 3 |
_aEl equilibrio hídrico en la práctica quirúrgica / _cL.P. Le Quesne ; traducción de Francisco Haro-García. |
| 260 |
_aBarcelona : _bNoguer, _c[1956] ( _fMoreno) |
||
| 300 |
_a178 p., 4 lám. ; _c21 cm. |
||
| 700 | 1 |
_aHaro García, Francisco. _961877 |
|
| 852 |
_aES-MaACL _jC-11356 _bR.38962 |
||
| 999 |
_c91321 _d91321 |
||